000 00385nam a2200169Ia 4500
001 19165
003 IN-NITTTR
005 20251114233221.0
008 251113s9999||||xx |||||||||||||| ||eng||
040 _beng
040 _cIN-NITTTR
041 _aeng
082 _a006.6 M74 E
100 _aMoney, Steve
245 0 _aElectron graphics and sound /
_cMoney, Steve
942 _2ddc
_cBK
999 _c21799
_d21799